OTC MEDICATION (Record no. 5985)

MARC details
000 -LEADER
fixed length control field 00416nam a22001577a 4500
005 - DATE AND TIME OF LATEST TRANSACTION
control field 20240110112710.0
008 - FIXED-LENGTH DATA ELEMENTS--GENERAL INFORMATION
fixed length control field 190911b xxu||||| |||| 00| 0 eng d
020 ## - INTERNATIONAL STANDARD BOOK NUMBER
ISBN 978-81-7800-261-3
041 ## - LANGUAGE CODE
Language code of text/sound track or separate title eng
100 ## - MAIN ENTRY--AUTHOR NAME
Personal name DUA, KAMAL, SHARMA, KUMAR VIJAY AND PABREJA, KAVITA
245 ## - TITLE STATEMENT
Title OTC MEDICATION
250 ## - EDITION STATEMENT
Edition statement 4th rev. ed.2019
260 ## - PUBLICATION, DISTRIBUTION, ETC. (IMPRINT)
Place of publication HRDERABAD
Name of publisher PHARMAMED PRESS
Year of publication 2011
300 ## - PHYSICAL DESCRIPTION
Number of Pages 90P,
942 ## - ADDED ENTRY ELEMENTS (KOHA)
Koha item type Books
Holdings
Lost status Damaged status Collection code Home library Current library Shelving location Date acquired Source of acquisition Cost, normal purchase price Accession Number Koha item type
    Reference JRU Library JRU Library SHELF-5-D 11/09/2019 PURCHESS 175.00 23508 Books
    PHARMACY JRU Library JRU Library SHELF - 18 - H 11/09/2019 PURCHESS 175.00 23509 Books
    PHARMACY JRU Library JRU Library SHELF - 18 - H 11/09/2019 PURCHESS 175.00 23510 Books
    PHARMACY JRU Library JRU Library SHELF - 18 - H 11/09/2019 PURCHESS 175.00 23511 Books